[Event "Plovdiv Tringov Memorial 42nd"]
[Site "Plovdiv"]
[Date "2020.07.16"]
[Round "6"]
[White "Stoyanov, Tsvetan"]
[Black "Angelov, Kosta"]
[Result "1-0"]
[WhiteElo "2374"]
[BlackElo "2097"]
[PlyCount "49"]
[EventDate "2020.07.12"]
[EventType "swiss"]
[EventRounds "9"]
[EventCountry "BUL"]
[SourceTitle "EXT 2022"]
[Source "ChessBase"]
[SourceDate "2021.10.06"]
[SourceVersion "1"]
[SourceVersionDate "2021.10.06"]
[SourceQuality "1"]

1. c4 e5 2. Nc3 Nc6 3. g3 d6 4. Bg2 Be6 5. d3 Qd7 6. Nd5 g6 7. Nf3 h6 8. e4 Bg7 9. Be3 Nd8 10. Qe2 c6 11. Nc3 Bh3 12. Bxh3 Qxh3 13. d4 Ne6 14. 0-0-0 exd4 15. Nxd4 Nxd4 16. Bxd4 Bxd4 17. Rxd4 Qe6 18. Rhd1 0-0-0 19. e5 Ne7 20. Rxd6 Rxd6 21. Rxd6 Qh3 22. e6 fxe6 23. Rxe6 Nf5 24. g4 Nd4 25. Re8+ 1-0

[Event "Plovdiv Tringov Memorial 42nd"]
[Site "Plovdiv"]
[Date "2020.07.15"]
[Round "5"]
[White "Angelov, Kosta"]
[Black "Radeva, Viktoria"]
[Result "1/2-1/2"]
[WhiteElo "2097"]
[BlackElo "2327"]
[PlyCount "31"]
[EventDate "2020.07.12"]
[EventType "swiss"]
[EventRounds "9"]
[EventCountry "BUL"]
[SourceTitle "EXT 2022"]
[Source "ChessBase"]
[SourceDate "2021.10.06"]
[SourceVersion "1"]
[SourceVersionDate "2021.10.06"]
[SourceQuality "1"]

1. e4 c5 2. c3 d5 3. exd5 Qxd5 4. d4 e6 5. Nf3 Nf6 6. Bd3 Be7 7. 0-0 Nc6 8. Be3 cxd4 9. cxd4 0-0 10. Nc3 Qd6 11. a3 b6 12. Qe2 Bb7 13. Rad1 Rac8 14. Bb1 Na5 15. Ne5 Rfd8 16. Bf4 1/2-1/2

[Event "Plovdiv Tringov Memorial 42nd"]
[Site "Plovdiv"]
[Date "2020.07.14"]
[Round "3"]
[White "Nikolov, Sasho"]
[Black "Angelov, Kosta"]
[Result "1-0"]
[WhiteElo "2328"]
[BlackElo "2097"]
[PlyCount "39"]
[EventDate "2020.07.12"]
[EventType "swiss"]
[EventRounds "9"]
[EventCountry "BUL"]
[SourceTitle "EXT 2022"]
[Source "ChessBase"]
[SourceDate "2021.10.06"]
[SourceVersion "1"]
[SourceVersionDate "2021.10.06"]
[SourceQuality "1"]

1. d4 c5 2. d5 f5 3. Nc3 g6 4. e4 fxe4 5. Nxe4 d6 6. Bb5+ Bd7 7. a4 Na6 8. Qe2 Bxb5 9. axb5 Nb4 10. Nf3 Nxd5 11. 0-0 Ngf6 12. Rd1 Nxe4 13. Qxe4 Nb6 14. Bf4 Kd7 15. Qxb7+ Ke8 16. Qc6+ Nd7 17. Ng5 Qc8 18. Ne6 Rb8 19. Nc7+ Kd8 20. Rxa7 1-0

[Event "Primorsko op-B"]
[Site "Primorsko"]
[Date "2019.09.21"]
[Round "6"]
[White "Mintenko, Heorhiy"]
[Black "Angelov, Kosta"]
[Result "1/2-1/2"]
[WhiteElo "1925"]
[BlackElo "2086"]
[PlyCount "93"]
[EventDate "2019.09.16"]
[EventType "swiss"]
[EventRounds "7"]
[EventCountry "BUL"]
[SourceTitle "EXT 2020"]
[Source "ChessBase"]
[SourceDate "2019.10.17"]
[SourceVersion "1"]
[SourceVersionDate "2019.10.17"]
[SourceQuality "1"]

1. Nf3 Nf6 2. c4 d6 3. g3 e5 4. Bg2 Nc6 5. Nc3 g6 6. 0-0 Bg7 7. d3 0-0 8. Rb1 Be6 9. b4 Qc8 10. b5 Nd8 11. Bg5 Qd7 12. Nd2 h6 13. Bxf6 Bxf6 14. Nd5 Bg7 15. Qc2 f5 16. e3 g5 17. f4 c6 18. bxc6 bxc6 19. Nc3 Rc8 20. Qb3 Rc7 21. Kh1 Kh8 22. a4 Nb7 23. Nf3 Nc5 24. Qc2 e4 25. dxe4 Bxc4 26. Rfd1 fxe4 27. Nxe4 Nxe4 28. Qxe4 Bd5 29. Qg6 Qf7 30. Qxd6 Re7 31. Qc5 gxf4 32. exf4 Re2 33. Nh4 Bxg2+ 34. Nxg2 Qe6 35. Re1 Rd8 36. Rxe2 Qxe2 37. Re1 Rd1 38. Qg1 Rxe1 39. Qxe1 Qc2 40. a5 c5 41. Nh4 c4 42. f5 Qd3 43. Qe8+ Kh7 44. Qg6+ Kh8 45. Qe8+ Kh7 46. Qg6+ Kh8 47. Qe8+ 1/2-1/2

[Event "Primorsko op-B"]
[Site "Primorsko"]
[Date "2019.09.18"]
[Round "3"]
[White "Mladenov, Emil"]
[Black "Angelov, Kosta"]
[Result "1/2-1/2"]
[WhiteElo "2011"]
[BlackElo "2086"]
[PlyCount "23"]
[EventDate "2019.09.16"]
[EventType "swiss"]
[EventRounds "7"]
[EventCountry "BUL"]
[SourceTitle "EXT 2020"]
[Source "ChessBase"]
[SourceDate "2019.10.17"]
[SourceVersion "1"]
[SourceVersionDate "2019.10.17"]
[SourceQuality "1"]

1. e4 d5 2. exd5 Qxd5 3. Nf3 Bg4 4. Be2 Nc6 5. 0-0 0-0-0 6. Nc3 Qa5 7. d3 e6 8. a3 Nf6 9. Be3 Bd6 10. h3 Bxf3 11. Bxf3 Ne5 12. Re1 1/2-1/2

[Event "Primorsko op"]
[Site "Primorsko"]
[Date "2017.09.18"]
[Round "2"]
[White "Nikolov, Sasho"]
[Black "Angelov, Kosta"]
[Result "1-0"]
[WhiteElo "2323"]
[BlackElo "2115"]
[PlyCount "67"]
[EventDate "2017.09.17"]
[EventType "swiss"]
[EventRounds "9"]
[EventCountry "BUL"]
[SourceTitle "CBM 180 Extra"]
[Source "ChessBase"]
[SourceDate "2017.10.06"]
[SourceVersion "1"]
[SourceVersionDate "2017.10.06"]
[SourceQuality "1"]

1. d4 c5 2. d5 g6 3. e4 Bg7 4. Nf3 d6 5. h3 Nf6 6. Nc3 0-0 7. Bd3 Na6 8. 0-0 Nc7 9. Re1 Bd7 10. a4 b6 11. Bg5 e5 12. Nd2 a6 13. Nc4 Nce8 14. f4 h6 15. Bxf6 Bxf6 16. fxe5 dxe5 17. Qf3 b5 18. axb5 axb5 19. Rxa8 Qxa8 20. Nd6 Bh4 21. Nxe8 Qxe8 22. Rf1 c4 23. Be2 f5 24. Qe3 Bg5 25. Qc5 Bf4 26. d6 fxe4 27. Nxe4 Bf5 28. Bf3 Qd8 29. Qd5+ Kg7 30. Rd1 Qh4 31. d7 Rd8 32. Nd6 Bxd7 33. Qf7+ Kh8 34. Nb7 1-0

[Event "Golden Sands Europe op 2nd"]
[Site "Golden Sands"]
[Date "2013.06.13"]
[Round "4"]
[White "Angelov, Kosta"]
[Black "Sukandar, Irine Kharisma"]
[Result "1-0"]
[WhiteElo "2193"]
[BlackElo "2364"]
[PlyCount "101"]
[EventDate "2013.06.10"]
[EventType "swiss"]
[EventRounds "9"]
[EventCountry "BUL"]
[SourceTitle "CBM 154 Extra"]
[Source "ChessBase"]
[SourceDate "2013.06.25"]
[SourceVersion "2"]
[SourceVersionDate "2013.06.25"]
[SourceQuality "1"]

1. e4 c5 2. c3 d6 3. d4 Nf6 4. dxc5 Nc6 5. Bc4 Nxe4 6. Bxf7+ Kxf7 7. Qd5+ e6 8. Qxe4 d5 9. Qf3+ Kg8 10. Be3 b6 11. Nh3 Bxc5 12. 0-0 Qf6 13. Qg3 e5 14. Nd2 Bf5 15. Nb3 Bd6 16. Rad1 Bxh3 17. Qxh3 Ne7 18. Bg5 Qxg5 19. Qe6+ Kf8 20. Qxd6 Qf6 21. f4 e4 22. Rxd5 Kf7 23. Rd4 Qxd6 24. Rxd6 Nf5 25. Rd7+ Kf6 26. Re1 Rhe8 27. Nd4 Nxd4 28. Rxd4 Kf5 29. g3 Re7 30. Kf2 Rae8 31. Ke3 Kg4 32. Rd5 g6 33. Re2 Kh3 34. f5 gxf5 35. Rxf5 Re5 36. Rxe5 Rxe5 37. Kf4 Re7 38. Rxe4 Rf7+ 39. Ke3 Kxh2 40. Rf4 Rg7 41. Kf2 Rxg3 42. Rh4+ Rh3 43. Rxh3+ Kxh3 44. Kf3 h5 45. a4 h4 46. b4 Kh2 47. c4 h3 48. Kf2 a6 49. c5 bxc5 50. b5 axb5 51. axb5 1-0

[Event "EU-ch Seniors rap"]
[Site "Plovdiv"]
[Date "2013.03.21"]
[Round "7"]
[White "Vasiukov, Evgeni"]
[Black "Angelov, Kosta"]
[Result "1-0"]
[WhiteElo "2460"]
[BlackElo "2215"]
[PlyCount "81"]
[EventDate "2013.03.20"]
[EventType "swiss (rapid)"]
[EventRounds "9"]
[EventCountry "BUL"]
[SourceTitle "EXT 2014"]
[Source "ChessBase"]
[SourceDate "2013.11.20"]
[SourceVersion "1"]
[SourceVersionDate "2013.11.20"]
[SourceQuality "1"]

1. c4 e5 2. Nc3 Nc6 3. g3 d6 4. Bg2 Be6 5. d3 Qd7 6. b4 g6 7. b5 Nd8 8. Rb1 Bg7 9. h4 h6 10. Nf3 Ne7 11. 0-0 0-0 12. a4 f5 13. Nd2 c6 14. a5 Rc8 15. a6 bxa6 16. bxc6 Nexc6 17. Ba3 Nf7 18. Qc1 e4 19. dxe4 Na5 20. exf5 Bxf5 21. Rb4 Ne5 22. Nd5 Kh7 23. Bb2 Nec6 24. Bxg7 Qxg7 25. Ra4 Nd4 26. Kh2 Nac6 27. e3 Ne6 28. e4 Nc5 29. Ra2 Be6 30. Qa1 Ne5 31. f4 Ng4+ 32. Kg1 Qd7 33. Qd4 Rb8 34. Bf3 Rf7 35. Bxg4 Bxg4 36. Nf6+ Rxf6 37. Qxf6 Nd3 38. Rxa6 Be2 39. Rxd6 Qg4 40. Qf7+ Kh8 41. Rxg6 1-0

[Event "EU-ch Seniors rap"]
[Site "Plovdiv"]
[Date "2013.03.20"]
[Round "3"]
[White "Angelov, Kosta"]
[Black "Karasev, Vladimir I"]
[Result "0-1"]
[WhiteElo "2215"]
[BlackElo "2359"]
[PlyCount "78"]
[EventDate "2013.03.20"]
[EventType "swiss (rapid)"]
[EventRounds "9"]
[EventCountry "BUL"]
[SourceTitle "EXT 2014"]
[Source "ChessBase"]
[SourceDate "2013.11.20"]
[SourceVersion "1"]
[SourceVersionDate "2013.11.20"]
[SourceQuality "1"]

1. e4 c5 2. c3 Nf6 3. e5 Nd5 4. d4 cxd4 5. Nf3 d6 6. cxd4 e6 7. a3 Be7 8. Bd3 Nc6 9. 0-0 b6 10. Qe2 Bb7 11. Bd2 h6 12. Nc3 Nxc3 13. Bxc3 Qd7 14. Rfe1 d5 15. Rad1 g5 16. Ba6 g4 17. Nd2 h5 18. Nf1 0-0-0 19. b4 Bxa6 20. Qxa6+ Qb7 21. Qe2 Kb8 22. Rb1 Rc8 23. Qd3 h4 24. b5 Na5 25. Bxa5 bxa5 26. Nd2 Ka8 27. Nb3 Qb6 28. Qd2 g3 29. fxg3 hxg3 30. hxg3 a4 31. Na5 Bxa3 32. Ra1 Rc2 33. Qxc2 Qxd4+ 34. Kf1 Bc5 35. Ke2 Qxe5+ 36. Kf3 Qf6+ 37. Ke2 Rh2 38. Qxc5 Rxg2+ 39. Kd3 Qf5+ 0-1

[Event "EU-ch Seniors rap"]
[Site "Plovdiv"]
[Date "2013.03.20"]
[Round "6"]
[White "Ermenkov, Evgenij"]
[Black "Angelov, Kosta"]
[Result "1-0"]
[WhiteElo "2423"]
[BlackElo "2215"]
[PlyCount "47"]
[EventDate "2013.03.20"]
[EventType "swiss (rapid)"]
[EventRounds "9"]
[EventCountry "BUL"]
[SourceTitle "EXT 2014"]
[Source "ChessBase"]
[SourceDate "2013.11.20"]
[SourceVersion "1"]
[SourceVersionDate "2013.11.20"]
[SourceQuality "1"]

1. c4 e5 2. Nc3 Nc6 3. g3 d6 4. Bg2 Be6 5. d3 Qd7 6. e3 g6 7. b3 Bg7 8. Bb2 Nge7 9. Nd5 Bxd5 10. cxd5 Nb4 11. e4 Qb5 12. Bf1 Qb6 13. a3 Na6 14. Ne2 f5 15. Bg2 0-0 16. 0-0 Rf7 17. d4 fxe4 18. Bxe4 Raf8 19. b4 Nf5 20. dxe5 dxe5 21. Bc1 Nd6 22. Qd3 Nxe4 23. Be3 Nxf2 24. Rxf2 1-0

[Event "EU-ch Seniors rap"]
[Site "Plovdiv"]
[Date "2013.03.20"]
[Round "2"]
[White "Velikov, Petar"]
[Black "Angelov, Kosta"]
[Result "1/2-1/2"]
[WhiteElo "2417"]
[BlackElo "2215"]
[PlyCount "101"]
[EventDate "2013.03.20"]
[EventType "swiss (rapid)"]
[EventRounds "9"]
[EventCountry "BUL"]
[SourceTitle "EXT 2014"]
[Source "ChessBase"]
[SourceDate "2013.11.20"]
[SourceVersion "1"]
[SourceVersionDate "2013.11.20"]
[SourceQuality "1"]

1. c4 e5 2. g3 Nc6 3. Bg2 d6 4. Nc3 Be6 5. d3 Qd7 6. e3 g6 7. h3 Bg7 8. Nge2 Nge7 9. b3 0-0 10. Bb2 Rad8 11. Nd5 Rc8 12. Qd2 Nd8 13. d4 c6 14. Nxe7+ Qxe7 15. 0-0 f5 16. dxe5 dxe5 17. Qa5 b6 18. Qa4 h6 19. Rad1 Kh7 20. Rfe1 Rf7 21. Rd2 Qc7 22. Red1 Rd7 23. Rxd7 Bxd7 24. Qa3 Nf7 25. Bc3 Be8 26. e4 fxe4 27. Bxe4 Rd8 28. Qc1 Rxd1+ 29. Qxd1 Qd7 30. Qxd7 Bxd7 31. h4 Nd6 32. Bc2 Bf5 33. Bd1 Kg8 34. Kf1 Kf7 35. Nc1 h5 36. Ne2 Ke6 37. Ng1 Bh6 38. Nf3 Nf7 39. Ke1 b5 40. cxb5 cxb5 41. Bd2 Bb1 42. a3 Kd5 43. Bb4 e4 44. Nd2 Bd3 45. a4 a6 46. Be7 Ne5 47. Nf1 Nf3+ 48. Bxf3 exf3 49. axb5 axb5 50. Ne3+ Bxe3 51. fxe3 1/2-1/2

[Event "EU-ch Seniors 13th"]
[Site "Plovdiv"]
[Date "2013.03.12"]
[Round "2"]
[White "Bogdanov, Valentin"]
[Black "Angelov, Kosta"]
[Result "0-1"]
[WhiteElo "2388"]
[BlackElo "2206"]
[PlyCount "116"]
[EventDate "2013.03.11"]
[EventType "swiss"]
[EventRounds "9"]
[EventCountry "BUL"]
[SourceTitle "CBM 153 Extra"]
[Source "ChessBase"]
[SourceDate "2013.04.22"]
[SourceVersion "1"]
[SourceVersionDate "2013.04.22"]
[SourceQuality "1"]

1. d4 g6 2. Nf3 Bg7 3. c4 c5 4. d5 d6 5. e4 Nf6 6. Nc3 0-0 7. h3 b5 8. cxb5 a6 9. Be3 axb5 10. Bxb5 Nxe4 11. Nxe4 Qa5+ 12. Nc3 Bxc3+ 13. bxc3 Qxb5 14. Nd2 c4 15. Qf3 Bf5 16. 0-0 Nd7 17. Bd4 Ne5 18. Bxe5 dxe5 19. Rfe1 f6 20. Ne4 Bxe4 21. Qxe4 Rfd8 22. f4 Qxd5 23. fxe5 f5 24. Qe2 Qc5+ 25. Kh1 Rd3 26. Rad1 Qd5 27. Kh2 Ra3 28. Qb2 Rxd1 29. Rxd1 Qxe5+ 30. Kh1 Rxc3 31. Qb7 Rc2 32. a4 Kf7 33. Qc6 Qe4 34. Qxe4 fxe4 35. Ra1 c3 36. Kh2 Rd2 37. a5 c2 38. Rc1 Rd5 39. Rxc2 Rxa5 40. Kg3 Kf6 41. Kf4 Ra4 42. Ke3 h5 43. Rb2 Kf5 44. Rf2+ Ke5 45. Rf7 Ra3+ 46. Kf2 Ra2+ 47. Kg3 e6 48. h4 Ra3+ 49. Kf2 Ra2+ 50. Kg3 e3 51. Rf3 Ra3 52. Rf8 Ra4 53. Kf3 Rxh4 54. Kxe3 Re4+ 55. Kf3 g5 56. Rg8 Rf4+ 57. Ke3 Kf5 58. Rf8+ Ke5 0-1

[Event "Plovdiv Tringov Memorial 35th"]
[Site "Plovdiv"]
[Date "2013.02.05"]
[Round "3"]
[White "Petrov, Marian"]
[Black "Angelov, Kosta"]
[Result "1-0"]
[WhiteElo "2518"]
[BlackElo "2215"]
[PlyCount "73"]
[EventDate "2013.02.03"]
[EventType "swiss"]
[EventRounds "9"]
[EventCountry "BUL"]
[SourceTitle "CBM 152 Extra"]
[Source "ChessBase"]
[SourceDate "2013.02.25"]
[SourceVersion "1"]
[SourceVersionDate "2013.02.25"]
[SourceQuality "1"]

1. e4 d5 2. exd5 Qxd5 3. Nc3 Qa5 4. d4 Nf6 5. Nf3 Bg4 6. h3 Bh5 7. g4 Bg6 8. Ne5 c6 9. h4 Be4 10. Rh3 Bd5 11. Bd2 Qb6 12. Nxd5 Nxd5 13. c3 e6 14. Rf3 f6 15. Nc4 Qc7 16. Qe2 Qf7 17. 0-0-0 Na6 18. Na5 Nac7 19. c4 Nb4 20. a3 b6 21. axb4 bxa5 22. bxa5 Bd6 23. Qe4 Qd7 24. h5 0-0 25. Bd3 f5 26. gxf5 exf5 27. Rxf5 Rxf5 28. Qxf5 Qxf5 29. Bxf5 Rf8 30. Be4 Rxf2 31. Bxc6 Rh2 32. c5 Bg3 33. h6 g6 34. d5 Rh5 35. Bc3 Bf4+ 36. Kb1 Bxh6 37. d6 1-0

[Event "Albena op 19th"]
[Site "Albena"]
[Date "2011.06.28"]
[Round "4"]
[White "Angelov, Kosta"]
[Black "Artunov, Kirkor"]
[Result "1-0"]
[WhiteElo "2238"]
[BlackElo "2038"]
[PlyCount "45"]
[EventDate "2011.06.25"]
[EventType "swiss"]
[EventRounds "9"]
[EventCountry "BUL"]
[SourceTitle "CBM 143 Extra"]
[Source "ChessBase"]
[SourceDate "2011.08.29"]
[SourceVersion "1"]
[SourceVersionDate "2011.08.29"]
[SourceQuality "1"]

1. e4 e6 2. d4 d5 3. exd5 exd5 4. c4 Nf6 5. Nc3 Be7 6. Nf3 c6 7. cxd5 Nxd5 8. Bd3 Be6 9. 0-0 Nxc3 10. bxc3 Nd7 11. Re1 Nf8 12. Ne5 Qc7 13. Qe2 0-0-0 14. Nxf7 Bxf7 15. Qxe7 Ng6 16. Qa3 Rde8 17. Be3 b6 18. Rab1 Be6 19. c4 Kb8 20. g3 Rhf8 21. Re2 Bf5 22. Bxf5 Rxf5 23. Bf4 1-0

[Event "BUL-chT2"]
[Site "Sunny Beach"]
[Date "2009.06.13"]
[Round "6.5"]
[White "Angelov, Kosta"]
[Black "Ilchov, Rosen"]
[Result "1-0"]
[WhiteElo "2236"]
[BlackElo "2232"]
[PlyCount "73"]
[EventDate "2009.06.08"]
[EventType "team-swiss"]
[EventRounds "7"]
[EventCountry "BUL"]
[SourceTitle "CBM 130 Extra"]
[Source "ChessBase"]
[SourceDate "2009.07.02"]
[SourceVersion "2"]
[SourceVersionDate "2009.07.15"]
[SourceQuality "1"]

1. e4 c5 2. c3 Nf6 3. e5 Nd5 4. d4 cxd4 5. Nf3 Nc6 6. Bc4 e6 7. cxd4 d6 8. a3 Be7 9. 0-0 Bd7 10. Qe2 Nb6 11. Bd3 Rc8 12. Nc3 d5 13. Be3 Na5 14. Nd2 Nac4 15. Nxc4 dxc4 16. Bc2 Bc6 17. Rad1 Bd5 18. Qg4 Kf8 19. f4 h5 20. Qh3 g6 21. Rf2 Bc6 22. d5 Nxd5 23. f5 gxf5 24. Bxf5 exf5 25. Qxf5 Qe8 26. Nxd5 Bxd5 27. Rxd5 c3 28. bxc3 Rxc3 29. Rf3 Rc7 30. e6 Bxa3 31. Rd7 Bc1 32. Qxf7+ Qxf7 33. Rfxf7+ Ke8 34. Rxc7 Bxe3+ 35. Kf1 Bb6 36. Rc8+ Bd8 37. Rd7 1-0

[Event "BUL-chT2"]
[Site "Sunny Beach"]
[Date "2009.06.09"]
[Round "2.2"]
[White "Trichkov, Vasil"]
[Black "Angelov, Kosta"]
[Result "1/2-1/2"]
[WhiteElo "2349"]
[BlackElo "2236"]
[PlyCount "66"]
[EventDate "2009.06.08"]
[EventType "team-swiss"]
[EventRounds "7"]
[EventCountry "BUL"]
[SourceTitle "CBM 130 Extra"]
[Source "ChessBase"]
[SourceDate "2009.07.02"]
[SourceVersion "2"]
[SourceVersionDate "2009.07.15"]
[SourceQuality "1"]

1. d4 g6 2. Nf3 Bg7 3. g3 Nf6 4. Bg2 0-0 5. 0-0 d6 6. c4 Nc6 7. Nc3 Bg4 8. h3 Bxf3 9. Bxf3 Nd7 10. e3 e5 11. dxe5 Ndxe5 12. Be2 Na5 13. Qa4 b6 14. f4 Nd7 15. Bd2 Re8 16. Qc2 Qc8 17. Rae1 Nc5 18. Kh2 Nc6 19. Bf3 Nb4 20. Qb1 c6 21. a3 Nb3 22. Qd1 Nxd2 23. Qxd2 Na6 24. Qxd6 Bxc3 25. bxc3 Re6 26. Qd4 Qf8 27. Rd1 Rae8 28. e4 Qxa3 29. e5 Nc5 30. Bg2 Nb3 31. Qd7 Nc5 32. Qd2 Qa6 33. Ra1 Qb7 1/2-1/2

[Event "BUL-chT2"]
[Site "Sunny Beach"]
[Date "2009.06.08"]
[Round "1.3"]
[White "Angelov, Kosta"]
[Black "Ninov, Ventsislav"]
[Result "0-1"]
[WhiteElo "2236"]
[BlackElo "2265"]
[PlyCount "86"]
[EventDate "2009.06.08"]
[EventType "team-swiss"]
[EventRounds "7"]
[EventCountry "BUL"]
[SourceTitle "CBM 130 Extra"]
[Source "ChessBase"]
[SourceDate "2009.07.02"]
[SourceVersion "2"]
[SourceVersionDate "2009.07.15"]
[SourceQuality "1"]

1. e4 c6 2. d4 d5 3. f3 e6 4. Nc3 Bb4 5. Bf4 Nf6 6. Qd3 b6 7. Nge2 Ba6 8. Qe3 Nbd7 9. 0-0-0 Qc8 10. e5 Ng8 11. g4 Ne7 12. a3 Bxc3 13. Nxc3 Bxf1 14. Rhxf1 Qa6 15. Bg3 c5 16. f4 cxd4 17. Qxd4 Rc8 18. f5 Rc4 19. Qd3 Nc5 20. Qf3 0-0 21. fxe6 Nxe6 22. Nxd5 Nc6 23. Rf2 Ncd4 24. Qe3 Qb7 25. Nf4 Rfc8 26. c3 Nb5 27. Nd5 Ned4 28. Kb1 Qxd5 29. cxd4 Nc3+ 30. bxc3 Rxc3 31. Qe1 Rxa3 32. Rb2 Qc4 33. e6 Qa4 34. exf7+ Kh8 35. Qe8+ Rxe8 36. fxe8Q+ Qxe8 37. Rc2 h6 38. d5 Rb3+ 39. Kc1 Qb5 40. Rd4 Qf1+ 41. Kd2 Qg2+ 42. Kc1 Qg1+ 43. Rd1 Rb1+ 0-1

[Event "Plovdiv Tringov Memorial"]
[Site "Plovdiv"]
[Date "2009.02.07"]
[Round "9"]
[White "Manelidou, Maria"]
[Black "Angelov, Kosta"]
[Result "0-1"]
[WhiteElo "2035"]
[BlackElo "2229"]
[PlyCount "82"]
[EventDate "2009.02.01"]
[EventType "swiss"]
[EventRounds "9"]
[EventCountry "BUL"]
[SourceTitle "CBM 128 Extra"]
[Source "ChessBase"]
[SourceDate "2009.03.05"]
[SourceVersion "2"]
[SourceVersionDate "2009.03.25"]
[SourceQuality "1"]

1. e4 d5 2. exd5 Qxd5 3. Nc3 Qa5 4. Bc4 Nf6 5. Nge2 Bf5 6. 0-0 e6 7. d3 c6 8. Ng3 Bg6 9. Kh1 Nbd7 10. Bd2 Qc7 11. f4 Bd6 12. Nce4 0-0-0 13. Nxd6+ Qxd6 14. f5 exf5 15. Nxf5 Qf8 16. Bc3 Rg8 17. Qf3 Ne8 18. Qe3 Bxf5 19. Rxf5 Nd6 20. Ra5 Nxc4 21. dxc4 a6 22. b4 Qd6 23. b5 Rge8 24. Qf3 Nb8 25. Rb1 Qe6 26. bxa6 Nxa6 27. Re5 Qxc4 28. Qf5+ Kb8 29. Rxe8 Rxe8 30. Be5+ Nc7 31. Bxc7+ Kxc7 32. Qa5+ Kb8 33. Qb6 Qb5 34. Qg1 Qa5 35. h3 f5 36. Qd1 Qd5 37. Qh5 Re3 38. Qxh7 Rg3 39. Rg1 f4 40. Qh8+ Ka7 41. Qf8 Rxh3# 0-1

[Event "Plovdiv Tringov Memorial"]
[Site "Plovdiv"]
[Date "2009.02.04"]
[Round "6"]
[White "Angelov, Kosta"]
[Black "Milchev, Nikolay"]
[Result "1/2-1/2"]
[WhiteElo "2229"]
[BlackElo "2377"]
[PlyCount "77"]
[EventDate "2009.02.01"]
[EventType "swiss"]
[EventRounds "9"]
[EventCountry "BUL"]
[SourceTitle "CBM 128 Extra"]
[Source "ChessBase"]
[SourceDate "2009.03.05"]
[SourceVersion "2"]
[SourceVersionDate "2009.03.25"]
[SourceQuality "1"]

1. e4 e5 2. Nc3 Nc6 3. Bc4 Nf6 4. f4 exf4 5. Nf3 Bb4 6. 0-0 0-0 7. e5 Ng4 8. d4 Bxc3 9. bxc3 d5 10. exd6 Qxd6 11. Ng5 f3 12. Nxf3 Bf5 13. h3 Nf6 14. Nh4 Bg6 15. a4 Rfe8 16. Nxg6 hxg6 17. Qd3 Na5 18. Ba2 Nd5 19. Qf3 Nf6 20. Bg5 Re7 21. Qf2 Qc6 22. Bxf6 gxf6 23. Qxf6 Qxf6 24. Rxf6 Kg7 25. Raf1 Rf8 26. g4 Nc6 27. h4 Nd8 28. Kg2 Re2+ 29. R1f2 Rfe8 30. Kg3 R8e7 31. Rxe2 Rxe2 32. Rf2 Re3+ 33. Rf3 Re2 34. Bb3 f6 35. g5 f5 36. Rf2 Re3+ 37. Rf3 Re2 38. Rf2 Re3+ 39. Rf3 1/2-1/2

[Event "Plovdiv Tringov Memorial"]
[Site "Plovdiv"]
[Date "2009.02.02"]
[Round "3"]
[White "Dimitrov, Pavel"]
[Black "Angelov, Kosta"]
[Result "1-0"]
[WhiteElo "2395"]
[BlackElo "2229"]
[PlyCount "73"]
[EventDate "2009.02.01"]
[EventType "swiss"]
[EventRounds "9"]
[EventCountry "BUL"]
[SourceTitle "CBM 128 Extra"]
[Source "ChessBase"]
[SourceDate "2009.03.05"]
[SourceVersion "2"]
[SourceVersionDate "2009.03.25"]
[SourceQuality "1"]

1. e4 Nc6 2. d4 d5 3. e5 Bf5 4. c3 e6 5. f4 f6 6. Nf3 Be7 7. Bb5 Qd7 8. Be3 a6 9. Ba4 Nh6 10. Nbd2 Bd3 11. Bc2 Bxc2 12. Qxc2 0-0-0 13. 0-0-0 Kb8 14. h3 Na5 15. g4 Nf7 16. Rhf1 Rc8 17. b4 Qb5 18. a4 Qb6 19. Qb1 Qc6 20. Kb2 Qxa4 21. bxa5 Ba3+ 22. Ka1 Qxa5 23. Nb3 Qxc3+ 24. Ka2 Be7 25. Rd3 Qc4 26. Kb2 Qb5 27. Kc2 b6 28. Nc5 Qc6 29. Rc3 Bxc5 30. dxc5 Qa4+ 31. Qb3 Qe4+ 32. Kb2 fxe5 33. fxe5 Nxe5 34. Nd2 Qg2 35. Rf2 Qh1 36. cxb6 c5 37. Rf1 1-0

[Event "BUL-chT2 58th"]
[Site "Borovetz"]
[Date "2008.10.02"]
[Round "2.1"]
[White "Milchev, Miroslav"]
[Black "Angelov, Kosta"]
[Result "1/2-1/2"]
[WhiteElo "2204"]
[BlackElo "2237"]
[PlyCount "136"]
[EventDate "2008.10.01"]
[EventType "team-swiss"]
[EventRounds "7"]
[EventCountry "BUL"]
[SourceTitle "CBM 126 Extra"]
[Source "ChessBase"]
[SourceDate "2008.11.05"]
[SourceVersion "1"]
[SourceVersionDate "2008.11.05"]
[SourceQuality "1"]

1. Nf3 g6 2. e4 Bg7 3. d4 d6 4. Nc3 c6 5. a4 Nf6 6. Be2 0-0 7. 0-0 Qc7 8. Bg5 Nbd7 9. Qd2 Re8 10. Rad1 b6 11. Rfe1 Bb7 12. Bc4 e5 13. dxe5 dxe5 14. Qd6 Qxd6 15. Rxd6 h6 16. Bxf6 Nxf6 17. Red1 Re7 18. h3 a6 19. Bb3 b5 20. Rd8+ Rxd8 21. Rxd8+ Bf8 22. axb5 axb5 23. Nd2 Rd7 24. Rxd7 Nxd7 25. f3 Nc5 26. Ba2 Kg7 27. Nb3 Na6 28. Nc1 Nb4 29. Bb3 Bc5+ 30. Kf1 Be3 31. N3e2 f5 32. c3 Na6 33. Bc2 Kf6 34. g4 fxg4 35. hxg4 c5 36. Nd3 c4 37. Nf2 Bc6 38. b3 Nc5 39. bxc4 bxc4 40. Nd1 Bd2 41. Nb2 Bb5 42. Kg2 Ke6 43. Kg3 Kd6 44. Nd1 Kc6 45. f4 exf4+ 46. Nxf4 g5 47. Nd5 Kd6 48. Kf3 Ke5 49. N5e3 Nd3 50. Ke2 Bc1 51. Nxc4+ Bxc4 52. Bxd3 Bxd3+ 53. Kxd3 Kf4 54. e5 Kxe5 55. c4 Ba3 56. Ke3 Bc5+ 57. Kf3 Kd4 58. Ne3 Bf8 59. Nf5+ Kxc4 60. Ke4 Kc3 61. Ke5 Kd3 62. Kf6 Ke4 63. Kg6 Kf4 64. Kh5 Ke5 65. Nxh6 Bxh6 66. Kxh6 Kf6 67. Kh5 Kf7 68. Kxg5 Kg7 1/2-1/2

[Event "Kesarovski Georgiev Memorial 5th"]
[Site "Sunny Beach"]
[Date "2006.09.10"]
[Round "9.10"]
[White "Angelov, Kosta"]
[Black "Todorov, Ognjan"]
[Result "0-1"]
[WhiteElo "2191"]
[BlackElo "2314"]
[PlyCount "84"]
[EventDate "2006.09.02"]
[EventType "swiss"]
[EventRounds "9"]
[EventCountry "BUL"]
[SourceTitle "CBM 114 Extra"]
[Source "ChessBase"]
[SourceDate "2006.11.03"]
[SourceVersion "1"]
[SourceVersionDate "2006.11.03"]
[SourceQuality "1"]

1. e4 e6 2. d4 d5 3. e5 c5 4. c3 Nc6 5. Nf3 Bd7 6. Bd3 cxd4 7. cxd4 Qb6 8. 0-0 Nxd4 9. Nxd4 Qxd4 10. Nc3 a6 11. Qe2 Ne7 12. Kh1 Nc6 13. f4 Nb4 14. Rd1 Bc5 15. Bb5 Qf2 16. Bxd7+ Kxd7 17. Qxf2 Bxf2 18. Ne4 Ba7 19. Nd6 f5 20. Nxb7 Rhc8 21. Nd6 Rc2 22. a3 Nc6 23. Rd2 Rxd2 24. Bxd2 Nd4 25. Rd1 Nb3 26. Bc3 Kc6 27. g3 Rb8 28. Kg2 Bc5 29. Rd3 d4 30. Be1 Kd5 31. Kf3 Bxd6 32. exd6 Nc5 33. Rd1 Rxb2 34. Bc3 Rb3 35. Rxd4+ Kc6 36. Rc4 Kxd6 37. Kg2 Kd5 38. Rd4+ Kc6 39. Bb4 Ne4 40. Rd8 Rb2+ 41. Kh3 g5 42. g4 h5 0-1